Thermal engineering / (Record no. 924)
[ view plain ]
| 000 -LEADER | |
|---|---|
| fixed length control field | 00573nac a22001811u 4500 |
| 020 ## - INTERNATIONAL STANDARD BOOK NUMBER | |
| International Standard Book Number | 0706977580 |
| 082 ## - DEWEY DECIMAL CLASSIFICATION NUMBER | |
| Classification number | 621.01 |
| Item number | KUL |
| 090 ## - LOCALLY ASSIGNED LC-TYPE CALL NUMBER (OCLC); LOCAL CALL NUMBER (OCLC) | |
| -- | 924 |
| -- | 924 |
| 100 ## - MAIN ENTRY--PERSONAL NAME | |
| Personal name | Kulshrestha, S K. |
| 245 ## - TITLE STATEMENT | |
| Title | Thermal engineering / |
| Statement of responsibility, etc | S K. Kulshrestha. |
| 250 ## - EDITION STATEMENT | |
| Edition statement | 2nd revised ed. |
| 260 ## - PUBLICATION, DISTRIBUTION, ETC. (IMPRINT) | |
| Place of publication, distribution, etc | New Delhi : |
| Name of publisher, distributor, etc | Vikas publishing house PVT LTD, |
| Date of publication, distribution, etc | 2003. |
| 300 ## - PHYSICAL DESCRIPTION | |
| Extent | 1 v. (various pagings) : |
| Other physical details | illus; |
| Dimensions | 24 cm. |
| 500 ## - GENERAL NOTE | |
| General note | Includes index. |
| 650 ## - SUBJECT ADDED ENTRY--TOPICAL TERM | |
| Topical term or geographic name as entry element | Thermodynamics. |
| 942 ## - ADDED ENTRY ELEMENTS (KOHA) | |
| Item type | Book - Borrowing |
| Call number prefix | 621.01KUL |
| Withdrawn status | Item status | Damaged status | Not for loan | Home library | Current library | Shelving location | Date acquired | Source of acquisition | Cost, normal purchase price | Total Checkouts | Full call number | Barcode | Date last seen | Cost, replacement price | Koha item type | Source of classification or shelving scheme | Vendor |
|---|---|---|---|---|---|---|---|---|---|---|---|---|---|---|---|---|---|
| Central Library | Central Library | First floor | 06/08/2010 | Purchase | 80.00 | 621.01KUL | 000003599 | 15/07/2025 | 100.00 | Book - Borrowing | |||||||
| Central Library | Central Library | First floor | 10/08/2006 | 80.00 | 621.01KUL | 000006072 | 15/07/2025 | 100.00 | Book - Borrowing | Dewey Decimal Classification |